000 00718nam a22002177a 4500
999 _c17798
_d17798
003 AR-CdUCM
008 190509b ||||| |||| 00| 0 spa d
040 _aMUNICIPALIDAD PROVINCIAL DEL CUSCO
_cBIBLIOTECA MUNICIPAL DEL CUSCO
082 _a869.1 /
_bL86
100 _aLópez de Heredia, Miguel
_937980
245 _aJunto a la hoguera crepitante :
_bcuentos y apólogos /
260 _aMéxico :
_bHerrero Hnos. Sucs.
300 _a117 páginas ;
_bilustraciones,
_c20 cm.
505 _aContenido: Cuentos.
650 _aCuentos
_9217
650 _aLiteratura Latinoamericana
_9799
650 _aSiglo XX
_98
700 _aGedovius (portada y viñetas)
_937981
942 _2ddc
_cLIBROS
945 _aachl
_d2019-05-09